000
00290nam a2200121Ia 4500
005
20251222154330.0
008
251222s9999||||xx |||||||||||||| ||spa||
020
_a
970-690-658-4
082
_a
193/Y19
100
_a
"Yalom, Irvin D."
245
0
_a
El día que Nietzsche lloró
942
_c
LIB
999
_c
34110
_d
34110